| 000 | 00694nam a2200133Ia 4500 | ||
|---|---|---|---|
| 008 | 180901s9999 xx 000 0 und d | ||
| 020 | _a9789719802457 | ||
| 100 | _aMorales-Nuncio,Elizabeth. | ||
| 245 |
_cElizabeth Morales-Nuncio, Rhoderick V. Nuncio, Jean Marie Dealino-Gragasin, Rogelio F. Valenzuela, Vilma Alcantara-Malabuyoc.-- _aMakabuluhang Filipino sa ibat't ibang pagkakataon : _bbatayang aklat sa pagbabasa,pagsusulat at pananaliksik sa antas pangkolehiyo (Filipino 2) / |
||
| 250 | _aRevised ed | ||
| 260 |
_aPhilippines : _bC & E Publishing _c2015 |
||
| 300 |
_axvi, 369 pages : _billustrations ; _c26 cm. |
||
| 650 | _aLanguage (Filipino) -- Study and teaching (Higher) -- Philippines. | ||
| 999 |
_c358444 _d358444 |
||